01126nam a2200193Ia 4500001001100000003001000011008004100021040002500062041001300087100003000100245003500130250001100165260006700176300001200243500026000255501011400515520026000629650004300889L350-24217IT-CnALBA170116s9999||||xx |||||||||||||| ||und|| aIT-CnALBAcIT-CnALBA aITALIANO aBANDINI ALBERTO, GENERALE 0aELEMENTI DI CULTURA MILITARE.  a2a ed. bSTIANTI EDITORE. SAN CASCIANO (FIRENZE)'c1936 [1° Ed.: n.d.] a132 p.  aBIBLIOTECA CANONICO CHIESA. ORGANISMI MILITARI. L'ESERCITO. CARABINIERI REALI. FANTERIA, CAVALLERIA, ARTIGLIERIA, IL GENIO. CARRI ARMATI. SERVIZI NELL'ESERCITO. MARINA DA GUERRA. AERONAUTICA. GUARDIA DI FINANZA. FORZE COLONIALI. MILIZIA VOLONTARIA SICUREZ aSocietà San Paolo EM - Piazza San Paolo, 14 - 12051 ALBA (CN) (non commercial uses only) ® Copyright 2017 aBIBLIOTECA CANONICO CHIESA. ORGANISMI MILITARI. L'ESERCITO. CARABINIERI REALI. FANTERIA, CAVALLERIA, ARTIGLIERIA, IL GENIO. CARRI ARMATI. SERVIZI NELL'ESERCITO. MARINA DA GUERRA. AERONAUTICA. GUARDIA DI FINANZA. FORZE COLONIALI. MILIZIA VOLONTARIA SICUREZ aAMMIN. PUBBL. POT. ES. ARTE-SCIEN. MIL